Bioaktívne zložky potravín bakalárska práca

Uložené v:
Podrobná bibliografia
Hlavný autor: Sesztáková, Beatrix
Médium: Kniha
Jazyk:Slovak
Vydavateľské údaje: Bratislava STU FCHPT 2018
On-line prístup:View in OPAC
Tagy: Pridať tag
Žiadne tagy, Buďte prvý, kto otaguje tento záznam!

MARC

LEADER 00000nam a2200000 a 4500
005 20260127134146.0
008 181001 2018 xo a 001 0 slo d
035 |a vtls011781785 
039 9 |y 201810010905  |z mschk03 
040 |a STUSCHK1  |b slo  |c STUSCHK1  |e AACR2 
100 1 |a Sesztáková, Beatrix 
245 1 |a Bioaktívne zložky potravín  |b bakalárska práca  |c Beatrix Sesztáková 
260 |a Bratislava  |b STU FCHPT  |c 2018 
300 |a 52 s.  |b il.  |c 25 cm 
500 |a Študijný program: výživa, kozmetika, ochrana zdravia 
500 |a Študijný odbor: potravinárstvo 
500 |a Školiace pracovisko: Ústav potravinárstva a výživy 
500 |a Evid. číslo: FCHPT-104558-82183 
910 |a SCHK95 
999 |c 5453  |d 5453